Statystyki dla Państwa Według Częśćiowego Herbu

Kliknij tutaj aby rozwiązać quiz!

Ogólne statystyki

  • Ten quiz został rozwiązany 11 razy
  • Średni wynik to 13 z 16

Statystyki odpowiedzi

Odpowiedź% Poprawnych
Australia
100%
Meksyk
100%
Polska
100%
Portugalia
100%
Argentyna
90%
Chiny
90%
Mozambik
90%
Niemcy
90%
Rosja
90%
Austria
80%
Ukraina
80%
Białoruś
60%
Francja
60%
Brazylia
50%
Chile
50%
Nigeria
30%

Rozkład punktacji

Percentyl według liczby udzielonych odpowiedzi

Procent ludzi z każdym wynikiem

Twoja historia wyników

Nie rozwiązałeś tego quizu